{"text_format":"3","workbook":"xlsx","n_sheets":4,"sheets":["Summary costs","Parks and Recs","Equipped Childrens Play Grounds","Informal & Natural Green Space"],"read":"whole","date_system":"1900"}

{"sheet":"Summary costs","index":0,"n_rows":15,"n_cols":4,"rows_kept":15,"merged":[[3,2,3,3]]}
[]
["Open space capital costs"]
[]
[null,null,"Cost of provision"]
[null,"Standard (m²) per person","Cost/m²","Contribution per person"]
["Parks & Recreation Grounds",5,{"v":72,"d":"£72.00"},{"$f":"B6*C6","v":{"v":360,"d":"£360.00"}}]
["Play Space (Children)",0.5,{"v":170,"d":"£170.00"},{"$f":"B7*C7","v":{"v":85,"d":"£85.00"}}]
["Play Space (Youth)",0.3,{"v":170,"d":"£170.00"},{"v":51,"d":"£51.00"}]
["Amenity/ Natural Green Space",10,{"v":15,"d":"£15.00"},{"v":150,"d":"£150.00"}]
["Allotments",1.5,{"v":30,"d":"£30.00"},{"v":45,"d":"£45.00"}]
["Cost per person",null,null,{"$f":"SUM(D6:D10)","v":{"v":691,"d":"£691.00"}}]
[]
[]
[]
["Note: This does not included for the cost of purchasing land, if this is required a surcharge will be applied."]

{"sheet":"Parks and Recs","index":1,"n_rows":35,"n_cols":9,"rows_kept":35,"merged":[[0,0,0,16383]]}
["Parks &Recreation Grounds"]
[]
["Based on a Park  3800m2","Plot 60m x 60m"]
["Planted borders 20%, Grass 55%, Hard Surface 20%, Buildings 2%, Water 1%, Hedges 2%"]
[]
["Total Area m2:",{"v":3800,"d":"3,800"},"Total Cost:",{"$f":"SUM(E35)","v":{"v":276806.5,"d":"£276,806.50"}},"Cost per M2:",{"$f":"SUM(D6/B6)","v":{"v":72.84381578947368,"d":"£72.84"}},{"$f":"SUM(F6*#REF!)","v":{"$error":"#REF!"}}]
[]
["Description","Quantity","Unit","Capital","Capital",null,"Comments","Comments","Comments"]
[{"$nulls":6},"Capital","Revenue","Scheduled"]
[{"$nulls":3},"Unit Cost","Total",null,null,"Planned Work","Additional Work"]
[]
["Land",3600,"M2",null,{"$f":"SUM(B12*D12)","v":{"v":0,"d":"£0"}}]
["Design",1,"Site",{"v":26000,"d":"£26,000"},{"v":26000,"d":"£26,000"},null,"est. 10% of scheme works costs"]
["Site Clearance",1,"Site",{"v":5000,"d":"£5,000"},{"v":8000,"d":"£8,000"},null,"est. 3% of scheme costs prior to design"]
["Grass",1650,"M2",{"v":2.51,"d":"£3"},{"v":4141.5,"d":"£4,142"},null,"Overseed bare/under trees areas 5% every 5 years","PRT, East Contract Rates + 25%"]
["Shrubs",600,"M2",{"v":25,"d":"£25"},{"v":15000,"d":"£15,000"},null,"Recent park schemes","Shrubs Medium, CL rates + 25%","20% of shrubs/roses/ herbaceous replaced within 15 years"]
["Trees",60,"Each",{"v":180,"d":"£180"},{"v":10800,"d":"£10,800"},null,"Supply and Plant HS/EHS","Establish and prune"]
["Hard surface (Bitmac)",550,"M2",{"v":40,"d":"£40"},{"v":22000,"d":"£22,000"},null,"Bitmac Path with County Edgers 2m wide path","CL rates +25% (Medium)","Overlay 25mm depth, 6mm tarmac within 15 years @ £12/m2"]
["Hard surface (Tegula)",50,"M2",{"v":65,"d":"£65"},{"v":3250,"d":"£3,250"},null,"Bitmac Path with County Edgers 2m wide path","East Contract Rates + 25% (High)","Allow £0.25/m2 for replacing / repair blocks within 25 years"]
["Park Building",60,"M2",{"v":1000,"d":"£1,000"},{"v":60000,"d":"£60,000"},null,"Size of Dings Park, Cabin",null,"Depreciation - Total replace in 20 Years @ £1200/m2 (services in place) + £5/m2 per year ongoing refurbishment"]
["Formal pond",1,"Each",{"v":4000,"d":"£4,000"},{"v":4000,"d":"£4,000"},null,null,"Contract cost CL Contracts","Water Supply and edgings etc."]
["Formal Hedge (Cut Face)",184,"M2 cut face",null,{"v":0,"d":"£0"},null,null,"60x2x1m, 2S+T, CL rates +25%"]
["Formal Hedge (Land area)",60,"M land area",{"v":17.5,"d":"£18"},{"v":1050,"d":"£1,050"},{"$nulls":3},"10% replant /gap up in 15 years"]
["Fencing Railings 1.5 – 1.8m gav & painted",93,"M",{"v":105,"d":"£105"},{"v":9765,"d":"£9,765"},{"$nulls":3},"Paint railings every 10 years @£24/m + £1/m isolated repairs"]
["Walls",240,"M2 of vertical wall",{"v":100,"d":"£100"},{"v":24000,"d":"£24,000"},null,"£118/m2  2m high, 300mm thick natural stone wall",null,"Pointing / local repairs once within 15 years @ £10/m2 X both sides"]
["Gates",3,"Each",{"v":1000,"d":"£1,000"},{"v":3000,"d":"£3,000"},null,"1 Maintenance Gate, 2 pedestrian gates",null,"Paint every ten years @ £24/m+ isolated repairs £10/m "]
["Signs",3,"Each",{"v":600,"d":"£600"},{"v":1800,"d":"£1,800"},null,null,"Cleaning","Repairs to cabinet and lettering"]
["Park furniture",8,"Each",{"v":500,"d":"£500"},{"v":4000,"d":"£4,000"},null,"4 seats, 2 LB, 2 DB","Clean and empty","Paint every 3 years @£45 + one slat per year @£15, replace LB & DB once within 15 years"]
["Lighting lamps inc. trenching",6,"Each",{"v":12000,"d":"£12,000"},{"v":72000,"d":"£72,000"},null,"£707 each + £29/m trenching","Electric","Replace post every 30 years, repaint every 8 years @ £50, replace bulb every 3 years @ £5, replace lantern every 15 years  @ £150"]
["Minor artwork / integrated into features",3,"Each",{"v":1000,"d":"£1,000"},{"v":3000,"d":"£3,000"},null,"Minor artworks / integrated into features","Clean and empty","Minor repairs / refurbish within 15 years."]
["Admin. / overheads",1,"Site",{"v":5000,"d":"£5,000"},{"v":5000,"d":"£5,000"},null,"5% of scheme work costs","5% of Planned work","7% of scheduled work, rates similar to Property Services recharge"]
[]
[{"$nulls":3},"Capital",{"$f":"SUM(E12:E31)","v":{"v":276806.5,"d":"£276,807"}}]
[]
[{"$nulls":3},"Capital",{"$f":"SUM(E33)","v":{"v":276806.5,"d":"£276,807"}}]

{"sheet":"Equipped Childrens Play Grounds","index":2,"n_rows":31,"n_cols":9,"rows_kept":31}
["Equipped Childrens Play"]
[]
["Total area 400m2","20X20m"]
["Note, items for Planned work for some CPG Items are collectively included as Weekly Inspections and Maintenance repairs"]
[]
["Total Area Equipped Childrens Play m2:",400,"Total Cost:",{"$f":"SUM(E31)","v":{"v":67722.55,"d":"£67,722.55"}},"Cost per M2:",{"$f":"SUM(D6/B6)","v":{"v":169.306375,"d":"£169.31"}},{"$f":"SUM(F6*#REF!)","v":{"$error":"#REF!"}}]
[]
["Description","Quantity","Unit","Capital","Capital",null,"Comments","Comments","Comments"]
[{"$nulls":6},"Capital","Planned Work","Scheduled"]
[{"$nulls":3},"Unit Cost","Total",{"$nulls":3},"Additional Work"]
["Land",null,"M2",null,{"$f":"SUM(B11*D11)","v":{"v":0,"d":"£0.00"}}]
["Design",1,"CPG",{"v":8000,"d":"£8,000.00"},{"v":8000,"d":"£8,000.00"},null,"est. 8-10% of scheme costs"]
["Initial defects/ safety Inspection RoSPA",1,"CPG",{"v":500,"d":"£500.00"},{"v":500,"d":"£500.00"},null,"Invoice from RoSPA"]
["CPG equipment and safety surfacing",200,"M2",{"v":200,"d":"£200.00"},{"v":40000,"d":"£40,000.00"},null,"50% 0f CPG area",null,"Replace equipment and surfacing within 15 years + £5000 to dispose of all old surfacing"]
["Grass",150,"M2",{"v":2.51,"d":"£2.51"},{"v":376.49999999999994,"d":"£376.50"},null,"38% of CPG Area","PRT, East Contract rates + 25%"]
["Shrubs",30,"M2",{"v":28.42,"d":"£28.42"},{"v":852.6,"d":"£852.60"},null,"7% of CPG Area Recent park schemes","Shrubs Medium, CL rates + 25%","20% of shrubs/roses/ herbaceous replaced within 15 years"]
["Trees",2,"Each",{"v":200,"d":"£200.00"},{"v":400,"d":"£400.00"},null,"Supply and plant, HS/EHS tree","Establish and prune"]
["CPG hard surface",20,"M2",{"v":42.97,"d":"£42.97"},{"v":859.4,"d":"£859.40"},null,"5% of CPG Area",null,"Overlay 25mm depth, 6mm tarmac within 15 years @ £12/m2"]
["Fencing 1.2m high railings",54,"M2",{"v":84,"d":"£84.00"},{"v":4536,"d":"£4,536.00"},null,"75m, 1.2m railings",null,"Paint every ten years @ £24/m+ isolated repairs £1./m "]
["Walls",40,"M2 of vertical wall",{"v":118,"d":"£118.00"},{"v":4720,"d":"£4,720.00"},null,"£118/m2  2m high, 300mm thick natural stone wall",null,"Pointing / local repairs once within 15 years @ £10/m2 X both sides"]
["Gates",2,"M2",{"v":1098,"d":"£1,098.00"},{"v":2196,"d":"£2,196.00"},null," 1 no gate pedestrian, 1 no Maintenance",null,"Paint every ten years @ £24/m+ isolated repairs £10./m "]
["Signs",2,"Each",{"v":100,"d":"£100.00"},{"v":200,"d":"£200.00"},null,"CPG notice signs",null,"Replace every 5 years due to vandalism"]
["Park furniture",4,"CPG",{"v":500,"d":"£500.00"},{"v":2000,"d":"£2,000.00"},null,"1 Litter bin, 2 seats, 1 picnic bench",null,"Paint every 3 years @£45 + one slat per year @£15, replace litter bin once within 15 years"]
["Weekly inspections",52,"CPG",null,{"v":0,"d":"£0.00"}]
["Maintenance repairs",1,"CPG",null,{"v":0,"d":"£0.00"},{"$nulls":3},"Repair orders"]
["Annual RoSPA safety inspections",1,"CPG",null,{"v":0,"d":"£0.00"}]
["Admin. / overheads",1,"Site",{"v":3082.05,"d":"£3,082.05"},{"v":3082.05,"d":"£3,082.05"},null,null,"5% of Planned work","7% of scheduled work, rates similar to Property Services recharge"]
[]
[{"$nulls":3},"Capital",{"$f":"SUM(E11:E27)","v":{"v":67722.55,"d":"£67,723"}}]
[]
[{"$nulls":3},"Capital",{"$f":"SUM(E29)","v":{"v":67722.55,"d":"£67,723"}}]

{"sheet":"Informal & Natural Green Space","index":3,"n_rows":32,"n_cols":9,"rows_kept":32}
["Informal Green Space"]
[]
[]
[]
[]
["Total Area m2:",20000,"Total Cost:",{"$f":"SUM(E32)","v":{"v":314618.16000000003,"d":"£314,618.16"}},"Cost per M2:",{"$f":"SUM(D6/B6)","v":{"v":15.730908000000001,"d":"£15.73"}},{"$f":"SUM(F6*#REF!)","v":{"$error":"#REF!"}}]
[]
["Description","Quantity","Unit","Capital","Capital",null,"Comments","Comments","Comments"]
[{"$nulls":6},"Capital","Revenue","Scheduled"]
[{"$nulls":3},"Unit Cost","Total",null,null,"Planned Work","Additional Work"]
[]
["Land",null,"M2",null,{"$f":"SUM(B12*D12)","v":{"v":0,"d":"£0.00"}}]
["Design",1,"Each",{"v":20000,"d":"£20,000.00"},{"v":20000,"d":"£20,000.00"},null,"10% of scheme cost"]
["Site Clearance",1,"Site",{"v":10000,"d":"£10,000.00"},{"v":10000,"d":"£10,000.00"},null,"5% of scheme costs"]
["Grass",17041,"M2",{"v":2.51,"d":"£2.51"},{"v":42772.909999999996,"d":"£42,772.91"},null,null,"PRT, East Contract Rates + 25%","Removal of fly tipping"]
["Rough Grass",31,"M2",{"v":2.51,"d":"£2.51"},{"v":77.80999999999999,"d":"£77.81"},{"$nulls":3},"Removal of fly tipping"]
["Rural Turf",779,"M2",{"v":2.51,"d":"£2.51"},{"v":1955.2899999999997,"d":"£1,955.29"},{"$nulls":3},"Removal of fly tipping"]
["Hedge – agricultural (cut Face)",414,"M2 Cut face",null,{"v":0,"d":"£0.00"},null,"Assume hedge 134mx2mx1m"]
["Hedge – agricultural (land area)",134,"M land area",{"v":18,"d":"£18.00"},{"v":2412,"d":"£2,412.00"},{"$nulls":3},"Lay hedge @ £10/m run once in 15 years"]
["Individual Trees",30,"Each",{"v":180,"d":"£180.00"},{"v":5400,"d":"£5,400.00"},null,"Supply and Plant HS/EHS","Establish and prune"]
["Access paths (Low)",891,"M2",{"v":35,"d":"£35.00"},{"v":31185,"d":"£31,185.00"},null,"Tarmac 2m wide with County edgers","CL Rates + 25% Low","Overlay 25mm depth, 6mm tarmac within 15 years @ £12/m2"]
["Access paths (Medium)",1101,"M2",{"v":40,"d":"£40.00"},{"v":44040,"d":"£44,040.00"},null,"Bitmac Path with County Edgers 2m wide path","CL rates +25% (Medium)","Overlay 25mm depth, 6mm tarmac within 15 years @ £12/m2"]
["Walls",534,"M2 of vertical wall",{"v":118,"d":"£118.00"},{"v":63012,"d":"£63,012.00"},null,"£118/m2  2m high, 300mm thick natural stone wall",null,"Pointing / local repairs once within 15 years @ £10/m2 X both sides"]
["Fencing Railings 1.5 – 1.8m gav & painted",591,"M",{"v":109,"d":"£109.00"},{"v":64419,"d":"£64,419.00"},{"$nulls":3},"Paint railings every 10 years @£24/m + £1/m isolated repairs"]
["Gates anti motorcycle barriers",11,"Each",{"v":900,"d":"£900.00"},{"v":9900,"d":"£9,900.00"},null," Two pedestrian kissing and one HD maintenance gate",null,"Often vandalised"]
["Signs no cabinet",4,"Each",{"v":400,"d":"£400.00"},{"v":1600,"d":"£1,600.00"},null,"Sign without notice cabinets","Cleaning","Repairs to lettering /posts"]
["Park Furniture",6,"Each",{"v":500,"d":"£500.00"},{"v":3000,"d":"£3,000.00"},null," Two seats, 3 dog bin, 1 litter","Schedule of rate CL +25%","Paint every 3 years @£45 + one slat per year @£15, replace dog & litter bin once within 15 years"]
["Admin. / overheads",1,"Site",{"v":14844.15,"d":"£14,844.15"},{"v":14844.15,"d":"£14,844.15"},null,"5% of scheme costs","5% of Planned work","7% of scheduled work, rates similar to Property Services recharge"]
[]
[{"$nulls":3},"Capital",{"$f":"SUM(E12:E28)","v":{"v":314618.16000000003,"d":"£314,618"}}]
[]
[{"$nulls":3},"Capital",{"$f":"SUM(E30)","v":{"v":314618.16000000003,"d":"£314,618"}}]